[Event "SRB-chT Central"]
[Site "Kraljevo"]
[Date "2014.09.13"]
[Round "1.1"]
[White "Atalik, Suat"]
[Black "Petkov, Vladimir"]
[Result "1/2-1/2"]
[WhiteElo "2549"]
[BlackElo "2531"]
[Annotator "Atalik,S"]
[PlyCount "44"]
[EventDate "2014.09.13"]
[EventType "team-tourn"]
[EventRounds "11"]
[EventCountry "SRB"]
[SourceTitle "CBM 163"]
[Source "ChessBase"]
[SourceDate "2014.11.11"]
[SourceVersion "1"]
[SourceVersionDate "2014.11.11"]
[SourceQuality "1"]
[WhiteTeam "Kraljevo"]
[BlackTeam "Pirot"]
[WhiteTeamCountry "SRB"]
[BlackTeamCountry "SRB"]

1. d4 e6 2. c4 Bb4+ 3. Nc3 f5 (3... b6 4. Bd2 $5 Nf6 5. f3 {is always an
option.}) 4. e3 Nf6 5. Nge2 b6 (5... O-O 6. g3 {is a favorite of GM Epishin.})
6. a3 Bd6 (6... Be7 7. Nf4 Bb7 8. Bd3 {is also known.}) 7. b4 Bb7 8. c5 Be7 9.
Nf4 a5 10. Rb1 $5 {I was not quite sure about where to deploy my bishop.} (10.
Bb2 {should obviously be the main move.}) 10... axb4 11. axb4 O-O 12. Bc4 $1
Ne4 $6 ({He must have confused the issue with} 12... g5 $5 13. Nfe2 (13. Nd3 $2
bxc5 14. bxc5 Bxg2 15. Rg1 Nd5 $1 $17) 13... Bxg2 14. Rg1 Bb7 15. Rxg5+ Kh8 $13
) 13. Nce2 $6 {I could not calculate lines including the g5 thrust.} (13. Nxe4
Bxe4 14. Bd3 Bg5 $132) ({I missed a great opportunity.} 13. Bb2 $142 $1 Nxc3
14. Bxc3 Be4 (14... g5 $2 15. Nh5 $1 Bxg2 16. Rg1 Bd5 17. Bxd5 exd5 18. h4 g4 (
18... h6 19. hxg5 hxg5 20. Nf4 $18) 19. Rxg4+ fxg4 20. Qxg4+ Kf7 21. Qf5+ $1
$18) 15. Ra1 Rxa1 16. Bxa1 Bg5 17. d5 Bxf4 18. exf4 bxc5 19. bxc5 $16 {and the
bishop is really strong on the diagonal.}) 13... Kh8 $5 ({I was expecting} 
13... g5 $5 14. Nd3 g4 {more}) 14. Bb2 {I lost the control of the game around
this part of the game.} (14. O-O $142) 14... bxc5 15. bxc5 (15. dxc5 Bf6 16.
O-O (16. Bxf6 Qxf6) 16... Bxb2 17. Rxb2 Qf6 $132) 15... Ba6 16. Bxa6 (16. Ra1
Qc8) (16. Bxe6 $6 dxe6 17. Nxe6 Qd7 18. Nxf8 Bxf8 $17) 16... Nxa6 17. O-O c6
18. Nc3 Nxc3 19. Bxc3 Nc7 20. Qd2 Bg5 $1 $11 {Black bails out!} 21. Ba5 Bxf4
22. exf4 Qc8 (22... Qc8 23. Bxc7 Qxc7 24. Qe3 Rfb8 $11) 1/2-1/2

[Event "Lasker Memorial"]
[Site "Berlin"]
[Date "2000.04.29"]
[Round "1"]
[White "Atalik, Suat"]
[Black "Bunzmann, Dimitrij"]
[Result "1-0"]
[WhiteElo "2575"]
[BlackElo "2502"]
[Annotator "Atalik,S"]
[PlyCount "45"]
[EventDate "2000.04.29"]
[EventType "tourn"]
[EventRounds "9"]
[EventCountry "GER"]
[EventCategory "9"]
[SourceTitle "EXT 2002"]
[Source "ChessBase"]
[SourceDate "2001.11.25"]
[SourceVersion "1"]
[SourceVersionDate "2001.11.25"]
[SourceQuality "1"]

1. d4 e6 2. c4 b6 3. a3 $5 f5 4. Nc3 Nf6 5. Nh3 $5 Bb7 6. d5 Bd6 7. g3 Be5 8.
Bd2 b5 $5 (8... exd5 9. Bg2 (9. cxd5 $6 Bxc3 $1 (9... Bxd5 10. Nxd5 Nxd5 11.
Bg2 c6 12. Bxd5 cxd5 13. Bc3 Bxc3+ 14. bxc3 $11) 10. Bxc3 Nxd5 11. Bxg7 Rg8 $17
) 9... c6 10. cxd5 Nxd5 11. Nxd5 cxd5 12. Bc3 Bxc3+ 13. bxc3 $14) 9. Nxb5 (9.
Qb3 $5 exd5 10. Nxd5) 9... exd5 10. Bg2 Bc6 $1 (10... c6 $6 11. f4 cxb5 (11...
Bc7 $2 12. Nxc7+ Qxc7 13. cxd5 Nxd5 14. Bxd5 cxd5 15. Bc3 d4 16. Qxd4 Bxh1 17.
Qxg7 Rf8 18. Bb4 $18 {Bunzmann}) 12. fxe5 Ne4 13. cxd5 Bxd5 14. Bg5 (14. Bh6 $2
Nc3 15. bxc3 Bxg2 16. Bxg7 Rg8 $17) 14... Qa5+ 15. b4 Qc7 16. Rc1 Bc4 17. Bf4
Nc6 18. g4 $1 $16) 11. f4 Bxb2 12. Rb1 dxc4 $5 (12... Bxb5 13. cxb5 $1 (13.
cxd5 Bxa3 (13... Bc4 14. d6 $13) 14. Rxb5 Bd6 $13) 13... Bxa3 (13... Bd4 14.
Qc2 (14. Qb3 c6 15. bxc6 Nxc6) 14... Ne4 15. Ng5 Nxd2 16. Qxd2 Qf6 17. Rc1 Qb6
(17... c6 $2 18. Bxd5 $1 cxd5 19. Nf3) 18. Bxd5 $16) 14. Qb3 Qe7 15. Bxd5 Nxd5
16. Qxd5 Qe4 17. Qxe4+ fxe4 18. Ng5 d5 19. Ne6 Kd7 20. Nxg7 a6 $11) 13. Bxc6
dxc6 14. Rxb2 cxb5 15. Rxb5 O-O $1 (15... Nc6 16. Qa4 Qd7 (16... Qd4 17. Nf2
Rd8 18. O-O O-O 19. Rd1 $44) 17. Rc5 Ne7 18. Rxc4 $11) 16. Qc1 $1 (16. Rxf5 Qd4
17. Qc2 Re8 $36) 16... Kh8 (16... Ne4 17. Qxc4+ Kh8 18. Rd5 Qf6 19. O-O) (16...
Qd4 17. Be3) 17. Bb4 $6 (17. Qxc4 $142) 17... c5 $2 (17... Re8 18. Ng5 Qd4 19.
Bc3 (19. Qc3 Nc6) 19... Qd7 20. Qb2 (20. Bxf6 $2 Qxb5 21. Qc3 Qd7 $17) 20...
Ng4 21. O-O Ne3 22. Rb1 Nc6 $15) 18. Rxc5 (18. Bxc5 $6 Qd5 19. O-O Na6 $17)
18... a5 $2 (18... Nc6 $5 19. Ng5 (19. Qxc4 Nxb4 20. axb4 Ne4 21. Rd5 Qe7 (
21... Qb6 22. Qd4) 22. Qb3 $11 (22. O-O $2 Nd2)) (19. Rxc4 Qd5 20. e4 Nxe4 21.
Bxf8 Rxf8 22. O-O Nd4 $11)) (18... Na6 $1 {Kalinichev} 19. Rxc4 Nxb4 20. Rxb4
Rc8 21. Qb2 Nd5 22. Rb7 Qa5+ 23. Kf2 Qc5+ 24. Kg2 Ne3+ 25. Kf3 Rf6 26. Qb5 Qxa3
27. Qd3 Qc5 28. Qd7 $13) 19. Bc3 $16 Qd6 (19... Ne4 20. Rxc4 Qd5 21. O-O $16)
20. Rxf5 Qe6 (20... Qd7 21. g4) (20... Nbd7 21. Nf2 $1 $16 (21. O-O $2 Qe6) (
21. Ng5 h6 22. Nf3)) 21. Qc2 Nbd7 22. Ng5 Qb6 $4 (22... Qe7 23. a4 $8 $16 (23.
Re5 $2 Qxa3 24. Nxh7 Nxe5 25. Nxf8 Rxf8 26. Bxe5 Qb4+ (26... Ng4 27. Qc3) 27.
Bc3 Qb3) (23. O-O h6 24. Nf3 Qxa3 25. Ne5 Nxe5 26. fxe5 Nd5 $14)) 23. Rxf6 $1
1-0

[Event "Paracin GM"]
[Site "Paracin"]
[Date "2018.07.16"]
[Round "4"]
[White "Atalik, Suat"]
[Black "Ikeda, Junta"]
[Result "1-0"]
[WhiteElo "2509"]
[BlackElo "2437"]
[Annotator "Atalik,S"]
[PlyCount "55"]
[EventDate "2018.07.14"]
[EventType "tourn"]
[EventRounds "9"]
[EventCountry "SRB"]
[EventCategory "8"]
[SourceTitle "CBM 186"]
[Source "ChessBase"]
[SourceDate "2018.09.14"]
[SourceVersion "1"]
[SourceVersionDate "2018.09.14"]
[SourceQuality "1"]

1. d4 f5 2. c4 Nf6 3. Nc3 d6 (3... e6) 4. Bg5 Nbd7 5. Qc2 g6 6. Nh3 $1 e5 (6...
h6 7. Nf4) 7. O-O-O $1 (7. dxe5 dxe5 8. O-O-O h6 9. Be3) 7... Be7 $2 $146 {
This natural move attracted my attention before the game.} (7... h6 8. Bxf6
Qxf6 9. e4 c6 10. exf5 gxf5 11. Bd3 exd4 12. Ne2 Nc5 13. Rhe1 Kd8 $13) (7...
exd4 $142 8. Rxd4 $1 $13) (7... Bg7 8. dxe5 dxe5 9. e4 f4 10. Nxf4 $1) 8. c5 $1
$16 {Then comes the prepared response} e4 (8... exd4 9. cxd6 cxd6 (9... dxc3
10. dxe7 cxb2+ 11. Qxb2 Qxe7 12. Rxd7 Qc5+ 13. Kb1 Bxd7 14. Bxf6 O-O 15. e3 $16
) 10. Rxd4 $36) 9. f3 $1 (9. Nf4 Nf8) 9... O-O (9... dxc5 10. fxe4 (10. dxc5 c6
)) 10. Bh6 (10. e3 $5) 10... d5 11. Nf4 $1 (11. Bxf8 Nxf8 $44) 11... Nb8 12. h4
c6 13. h5 (13. g4 $5) 13... g5 $1 (13... Nxh5 14. Nxh5 Bg5+ 15. Bxg5 Qxg5+ 16.
f4 Qg4 17. e3 $16) 14. Bxg5 b6 15. g4 $1 (15. e3 bxc5 16. dxc5 Qa5 17. Ng6 $3
hxg6 18. hxg6 Kg7 19. Qf2 Kxg6 20. Qg3 $40) 15... bxc5 (15... fxg4 16. Bh6 $1)
16. dxc5 (16. gxf5) 16... fxg4 17. Bh6 $1 (17. Rg1 Na6 $132 (17... Nxh5 18.
Bxe7 Qxe7 19. Nxh5 Qg5+ 20. Kb1 Qxh5 21. fxe4)) 17... Bxc5 $2 (17... Na6 18.
fxe4 Nb4 19. Qa4 Bxc5 20. Bg2 {is a mess in which White should have the upper
hand.}) 18. Ncxd5 $18 cxd5 19. Qxc5 Rf7 20. Nxd5 (20. Kb1 $142) 20... Na6 $1
21. Qd4 (21. Nxf6+ $2 Qxf6 22. Qg5+ Qxg5+ 23. Bxg5 Rc7+ 24. Kb1 exf3 $40) (21.
Qc6 Bb7 22. Nxf6+ Qxf6 23. Qd6) 21... Bf5 22. Nc3 $5 (22. Nxf6+ Qxf6 23. Qxf6
Rxf6 24. fxg4 $18) 22... Qa5 (22... Qxd4 23. Rxd4 $18) 23. fxg4 Be6 24. g5 Ng4
25. Bh3 Rc8 26. Bxg4 Bxg4 27. Rhf1 $1 Rd7 28. Qc4+ $1 1-0

[Event "NOR-ch"]
[Site "Kristiansund"]
[Date "1992.??.??"]
[Round "7"]
[White "Gausel, Einar"]
[Black "Bern, Ivar"]
[Result "1-0"]
[WhiteElo "2485"]
[BlackElo "2380"]
[Annotator "Bulletin"]
[PlyCount "93"]
[EventDate "1992.??.??"]
[EventType "swiss"]
[EventRounds "9"]
[EventCountry "NOR"]
[SourceTitle "TD"]
[Source "ChessBase"]
[SourceDate "1994.03.01"]
[SourceVersion "1"]
[SourceVersionDate "1994.03.01"]
[SourceQuality "1"]

1. d4 f5 2. c4 Nf6 3. Nc3 e6 4. Nf3 Be7 5. g3 Ne4 6. Qd3 {6.Ld2 er muligens
bedre.} Nxc3 7. Qxc3 {7.bxc3!?} a5 8. Qd3 $6 {8.Ld2 b6 9.Lg2 Lb7 10.0-0 Lf6 11.
De3 0-0 12.Lc3 gir hvit en liten fordel.} b6 9. Bg2 Bb7 10. O-O O-O 11. Ne1 {
11.d5 setter svart pÅ stKrre prKver.} Bxg2 12. Nxg2 Nc6 13. e4 fxe4 14. Qxe4
Bf6 15. Be3 Qe7 16. Rad1 Qf7 17. Rd2 Rae8 18. Rc1 Bd8 {Ikke særlig naturlig.
Det aktive 18...e5 ser ut til Е fKre til remis etter:} (18... e5 19. d5 Nd4 20.
Ne1 c5 21. dxc6 dxc6 22. Bxd4 exd4 23. Qxc6 Bg5 24. f4 Bxf4 25. gxf4 Qxf4 26.
Qg2 Qe3+ 27. Kh1 Qxe1+ 28. Rxe1 Rxe1+ 29. Qg1 Rff1 30. Qxf1 Rxf1+ 31. Kg2 Ra1
32. b3 a4) 19. a3 Ne7 20. Bg5 Qf5 21. Qxf5 Nxf5 22. Bxd8 Rxd8 23. c5 {Alt
annet gir svart en klart fordelaktig stilling.Han truet c5 selv.} b5 24. Re1 c6
25. Ne3 a4 26. Nc2 Ne7 27. Nb4 Rf5 28. Re5 Rf3 29. Kg2 Rdf8 30. Re3 R3f5 31.
Re5 Rf3 32. h4 {Det skader jo ikke Е prKve. [#]} g6 $4 {ForsKket blir
umiddelbart belKnnet. Alt annet var bedre. NÅ fÅr hvit spill mot g6 og d7
pluss inngang via h-linja.} 33. h5 Kg7 34. hxg6 hxg6 35. Nd3 R3f6 36. Re4 Kf7
37. Rh4 Ke8 38. Ne5 Rg8 39. Rh7 g5 40. Rd3 Rgf8 41. f3 Rg8 42. b3 Rff8 43. bxa4
bxa4 44. Rd2 Rh8 45. Rxh8 Rxh8 46. Rb2 Kf8 47. Rb7 1-0

[Event "Tbilisi Chiburdanidze Cup"]
[Site "Tbilisi"]
[Date "2009.06.10"]
[Round "6"]
[White "Dzagnidze, Nana"]
[Black "Muzychuk, Anna"]
[Result "1-0"]
[WhiteElo "2541"]
[BlackElo "2533"]
[Annotator "CB"]
[PlyCount "53"]
[EventDate "2009.06.05"]
[EventType "swiss"]
[EventRounds "9"]
[EventCountry "GEO"]
[SourceTitle "CBM 130 Extra"]
[Source "ChessBase"]
[SourceDate "2009.07.02"]
[SourceVersion "2"]
[SourceVersionDate "2009.07.15"]
[SourceQuality "1"]

{This game was the key game of round 6, and probable for whole tournament,
where two top ratings faced in 27 move battle, Nana Dzagnidze manage to win
thanks to Anna Muzychuks blind on move 24.} 1. d4 e6 2. c4 f5 3. Nc3 Nf6 4. g3
g6 {Both sides choose strange orders of first moves} 5. Bg5 {Diagram # Rigth,
Dzagnidze wants to change Muzychuk's only developed piece.} h6 6. Bxf6 Qxf6 7.
e4 fxe4 8. Bg2 (8. Nxe4 $6 Bb4+) 8... Bb4 (8... Bg7 {It was probable better,
and certainly it looks more safely.} 9. Nge2 O-O 10. Nxe4 Qf5) 9. Nge2 d5 10.
O-O c6 {This was the point of 8...Bb4, trying to keep a pawn. Here Dzagnidze
received a big advantage in development.} 11. f3 {Diagram #} e3 12. Qd3 O-O 13.
Qxe3 Kg7 14. f4 dxc4 {It's very hard to find reasonable plan, and Muzychuk
continues dangerous way picking all pawns that Dzagnidze is ready to give.} 15.
g4 Qe7 16. Ng3 (16. g5 {was better, becouse after} h5 17. a3 Bd6 18. Ne4 Nd7
19. Qc3 Kh7 20. Qxc4 {we get position with total domination of white pieces.})
16... Nd7 17. Rae1 Nf6 18. h3 {Diagram #} Qc7 19. Re2 {Dzagnidze has
concentrated all forces in the centre, but this allows black to finish
development} Bd7 20. Be4 $2 {Wrong idea.} Nd5 21. Nxd5 exd5 22. Bxg6 $4 {
Diagram #} Kxg6 23. f5+ Kh7 24. g5 Rae8 $4 ({Here was many ways to win, but
easiest way (which probably any human would choose during the blitz game) was} 
24... hxg5 25. Qxg5 Qxg3+ 26. Qxg3 Rg8 $19) 25. g6+ Kg8 26. Qxh6 Bxf5 27. Nxf5
1-0

[Event "Copenhagen Sommerskak op"]
[Site "Copenhagen"]
[Date "1997.??.??"]
[Round "?"]
[White "Sammalvuo, Tapani"]
[Black "Salmensuu, Olli"]
[Result "1-0"]
[WhiteElo "2375"]
[BlackElo "2330"]
[Annotator "ChessBase"]
[PlyCount "93"]
[EventDate "1997.??.??"]
[EventType "swiss"]
[EventRounds "10"]
[EventCountry "DEN"]
[SourceTitle "EXT 1999"]
[Source "ChessBase"]
[SourceDate "1998.11.16"]
[SourceVersion "1"]
[SourceVersionDate "1998.11.16"]
[SourceQuality "1"]

1. d4 e6 2. Nf3 d5 3. c4 c6 4. Nc3 f5 5. Qc2 Nf6 6. Bg5 Be7 7. e3 O-O 8. Bd3 a6
9. O-O Bd7 10. Qb3 Ra7 11. Ne5 Be8 12. a4 h6 13. Bh4 g5 14. Bg3 Ne4 15. Qd1 Nd7
16. Nxd7 Qxd7 17. Be5 b6 18. f3 Nd6 19. cxd5 exd5 20. Qb3 Nf7 21. Bb8 Rb7 22.
Bg3 a5 23. Kh1 Kg7 24. Qc2 Nd6 25. Be5+ Kg8 26. Rae1 Bg6 27. g4 Nc4 28. Bg3 Bd6
29. gxf5 Bxf5 30. e4 Bxg3 31. hxg3 Bg6 32. Kg2 Qh7 33. Nd1 Rbf7 34. Bxc4 dxc4
35. Qxc4 g4 36. Nc3 b5 37. axb5 cxb5 38. Qe6 Kh8 39. Qxg4 b4 40. Nd5 h5 41. Qg5
b3 42. Qe5+ Kg8 43. f4 Rc8 44. f5 Rc2+ 45. Kh3 h4 46. Qb8+ Rf8 (46... Kg7 47.
f6+ Rxf6 48. Nxf6 Qh8 49. Qb7+ $18) 47. Qxf8+ 1-0

[Event "Barcelona Sants op 21st"]
[Site "Barcelona"]
[Date "2019.09.01"]
[Round "10"]
[White "Harika, Dronavalli"]
[Black "Grafl, Florian"]
[Result "1-0"]
[WhiteElo "2495"]
[BlackElo "2344"]
[Annotator "Doe,John"]
[PlyCount "26"]
[EventDate "2019.08.23"]
[EventType "swiss"]
[EventRounds "10"]
[EventCountry "ESP"]
[SourceTitle "EXT 2020"]
[Source "ChessBase"]
[SourceDate "2019.10.17"]
[SourceVersion "1"]
[SourceVersionDate "2019.10.17"]
[SourceQuality "1"]

1. c4 f5 2. Nc3 Nf6 3. d4 d6 4. Bg5 Nbd7 5. Qc2 g6 6. O-O-O c6 7. h4 h6 8. Bxf6
Nxf6 9. Nh3 Qa5 10. Nf4 Rg8 11. d5 e5 12. dxe6 g5 13. hxg5 hxg5 {il.legible}
1-0

[Event "FRA-chT Gp-A"]
[Site "France"]
[Date "2003.04.06"]
[Round "7.1"]
[White "Sokolov, Ivan"]
[Black "Marcelin, Cyril"]
[Result "1-0"]
[WhiteElo "2688"]
[BlackElo "2503"]
[Annotator "Erenburg,S"]
[PlyCount "53"]
[EventDate "2003.01.31"]
[EventType "team"]
[EventRounds "7"]
[EventCountry "FRA"]
[SourceTitle "CBM 095"]
[Source "ChessBase"]
[SourceDate "2003.07.25"]
[SourceVersion "1"]
[SourceVersionDate "2003.07.25"]
[SourceQuality "1"]
[WhiteTeam "Clichy"]
[BlackTeam "Noyon"]
[WhiteTeamCountry "FRA"]
[BlackTeamCountry "FRA"]

1. d4 d5 2. c4 e6 3. Nc3 c6 4. e3 (4. e4 {provides to sharp variations.}) 4...
Bd6 5. Nf3 f5 6. Bd3 Nf6 7. O-O O-O 8. b3 {White has many other possibilities:}
(8. Qc2 {See commented game 0-1 Grishin,E-Tolstikh,N/St Petersburg 2000/CBM 76/
[Tsesarsky] (32)}) (8. Ne5 Nbd7 9. f4 (9. Nxd7 Bxd7 10. f3 Qe7 11. Qb3 b6 12.
Bd2 Rae8 13. Rae1 $14) 9... Ne4 (9... Bxe5 10. fxe5 Ne4 11. c5 Rf7 12. Ne2 $14
{1/2-1/2 Schmitt,R-Kissel,H/RLPFchS Hauenstein ,GER 1991 (31)}) 10. Bd2 (10.
Nxd7 Nxc3 11. bxc3 Bxd7 12. Qb3 Rb8 13. Ba3 $14 {1/2-1/2 Schmeidler,M-Hutter,O/
Vorra GER ch-BAY H2 1990 (54)}) (10. Nxe4 fxe4 11. Be2 Nxe5 12. fxe5 Rxf1+ (
12... Be7 13. Bd2 Bd7 14. b4 Bg5 $11 {1/2-1/2 Shurygin,S-Moroz,A/Decin op 1996
(69)}) 13. Qxf1 Be7 14. Bd2 Bd7 15. Bg4 Qb6 $11 {1/2-1/2 Schwarz-Rausch/9.
Wuerzburger op Br.9 1993 (58)}) (10. c5 Bxe5 11. fxe5 b6 12. Qa4 Bb7 13. Qb3
Qc8 14. cxb6 axb6 15. Nxe4 fxe4 16. Rxf8+ Qxf8 17. Be2 c5 18. Bb5 Ba6 $15 {
0-1 Dredge,K-Booth,C/Spr95-Final 1996 (54)}) 10... Ndf6 11. Be1 Bd7 12. Qb3 Rb8
13. Nxe4 dxe4 14. Be2 $14 {0-1 Swiderski,R-Salwe,G/Nuremberg 1906 (57)}) (8.
Nd2 g5 9. f3 Qc7 10. h3 Nh5 11. Ne2 Ng3 12. Nxg3 Bxg3 13. e4 Nd7 $13 {1-0
Thorhallsson,T-Arnason,T/Reykjavik Iceland 1990 (49)}) (8. Bd2 Nbd7 9. Rc1 Re8
10. cxd5 cxd5 11. Nb5 Bb8 12. Qc2 a6 13. Nc7 Bxc7 14. Qxc7 $16 {1-0 Horvath
Marian-Majling Karol/Slovakia ch Trencin 1995 (41)}) (8. cxd5 $6 exd5 $132 {
1-0 Granda,J-Disconzi da Silva,R/Mar del Plata 1993 (40)}) (8. c5 Bc7 9. b4
Nbd7 10. Bb2 Ne4 11. a4 Qe8 12. Ne2 $14 {1-0 Bolczek,M-Hinzmann,M/GER-ch U13
Pinneberg 1996/EXT 96ch2 (36)}) (8. Rb1 a5 9. a3 Qe7 10. Bd2 Ne4 11. Ne2 Nd7
12. b4 $14 {1-0 Pitam,E-Horvath,M/Elista RUS 1998 (43)}) 8... b6 {Black has
another option of developing his light-squared bishop- to e8 via d7.} (8... Qe7
9. Bb2 Bd7 10. Ne2 Be8 11. Ne5 Nfd7 12. f4 Nf6 13. c5 Bc7 14. b4 $14 {1-0 Van
Wely,L-Krasenkow,M/Polanica Zdroj 2000/CBM 79 (72)}) (8... Ne4 9. Bb2 (9. Ne2
$5 Nd7 10. a4 b6 11. Ba3 Bxa3 12. Rxa3 a5 13. Ra2 $14 {1-0 Ilincic,Z-Kiroski,T/
c 1995 (34)}) 9... Bd7 10. Ne5 Be8 11. Ne2 Nd7 12. f3 Ng5 13. f4 Ne4 14. c5 Bc7
15. b4 Bh5 16. Qe1 Nxe5 17. dxe5 Bxe2 18. Qxe2 b5 19. a4 a6 $11 {1-0 Hertneck,
G-Van Wely,L/Garmisch rapid 1994 (34)}) 9. Bb2 Ne4 {In this position black has
tried immediate} (9... Bb7 10. Rc1 Ne4 11. Ne2 Nd7 12. cxd5 cxd5 13. Ne5 Qe7
14. Bb5 Nxe5 15. dxe5 Bc5 16. Nd4 a6 17. Bd3 Rfc8 18. f3 Ng5 19. Qe2 b5 20.
Rxc5 Rxc5 21. Ba3 Rac8 22. Bxc5 Rxc5 23. a4 $14 {1/2-1/2 Sokolov,I-Lautier,J/
Bundesliga 2003 (43)}) 10. Ne2 {It seems to me a good idea to avoid the
exchange of the knights} (10. Ne5 Bb7 11. Ne2 Nd7 12. Rc1 Rc8 13. f3 Nef6 14.
Nf4 Qe7 15. Qe2 c5 $11 {1-0 Murdzia,P-Henriksson,C/Sas van Gent 1992/CBM 32
ext (56)}) 10... Nd7 $146 {According to my database this position appeared the
first time. In a previous game black tried:} (10... Bb7 11. Rc1 a5 (11... Nd7 {
comes to consideration.}) 12. Ne5 Qe7 13. f3 Nf6 14. Nc3 Nfd7 15. Na4 (15. f4
$14) 15... Nxe5 16. dxe5 Bc7 17. Qc2 dxc4 18. bxc4 Na6 19. Qb3 Qb4 $11 {
1-0 Skomorokhin,R-Guliev,S/Ostrava 1992/EXT 97 (54)}) 11. Rc1 Qe7 12. Ne5 Nxe5
$6 ({Black should not to hurry with the capture on e5, because it allows to
white to occupy excelent square d4 with his knight.} 12... Bb7 {comes to
consideration.}) 13. dxe5 {[%cal Ye2d4]} Ba3 $6 {The exchange of dark-squared
bishops provides at the spot to position with white's strong knight on d4
against black's weak light-squared bishop.} ({So deserved attention:} 13... Bc5
) 14. Bxa3 Qxa3 15. Nd4 $16 {White is going to get position with big advantage
thanks to his strong knight on d4 and ocuupation of "c" line with the rooks.}
Bd7 (15... Nc5 16. Nxc6 Ba6 {gave black more chances.}) 16. cxd5 cxd5 17. Bxe4
fxe4 18. Rc7 {Now white's position is just winning from positional point of
view: he broke into the seventh rank with his rook, he has an excellent knight
on d4 against paralized black's light-squared bishop.} Rf7 19. Qd2 Rc8 $2 {
allows to white to transfer the knight to d6.} (19... Qe7 20. Qc3 $16) (19...
Raf8 $5 $16) 20. Nb5 $1 Qf8 21. Rxc8 Bxc8 22. Rc1 {White has got all he wanted:
he occupied the "c" line with the rook, his knight is going to occupy the
perfect square in black's camp-d6, while black pieces are paralized.} Ba6 23.
Nd6 Rd7 $2 ({More resistant was} 23... Re7 24. b4 $16 {[%cal Gb4b5]} (24. Qd4)
(24. Qb2)) 24. Qd4 $18 Qd8 (24... Bd3 25. Qa4 {[%cal Ya4d7,Ya4a7,Gc1c8]} b5 26.
Qa5 $1 $18) 25. Qa4 {Black can't hold the pressure anymore and he is going to
lose material.} Bb7 26. Qxa7 Rc7 27. Rxc7 (27. Rxc7 Qxc7 28. h3 Qc1+ 29. Kh2
$18) 1-0

[Event "Interzonal-15"]
[Site "Manila"]
[Date "1990.??.??"]
[Round "8"]
[White "Gurevich, Mikhail"]
[Black "Dolmatov, Sergey"]
[Result "1-0"]
[WhiteElo "2640"]
[BlackElo "2615"]
[Annotator "Ftacnik,L"]
[PlyCount "98"]
[EventDate "1990.06.29"]
[EventType "swiss"]
[EventRounds "13"]
[EventCountry "PHI"]
[SourceTitle "CBM 019"]
[Source "ChessBase"]
[SourceDate "1990.12.01"]
[SourceVersion "1"]
[SourceVersionDate "1990.12.01"]
[SourceQuality "1"]

1. c4 f5 2. d4 Nf6 3. Nc3 e6 4. Nf3 Bb4 5. Qb3 a5 $5 6. Bg5 $5 (6. Bd2) 6... d6
7. e3 Qe7 8. Be2 e5 9. O-O Bxc3 (9... c6 10. Na4 {/\ a3}) 10. bxc3 $1 {/\ c5|^}
c5 $6 (10... e4 $5 11. Nd2 c5 $13) 11. Qb5+ $1 Nbd7 $8 12. dxe5 dxe5 13. e4 $1
fxe4 $6 (13... f4 $2 14. Rfd1 O-O 15. Rd5 $16) (13... O-O $5 14. exf5 e4 15.
Nh4 Ne5 $14) 14. Nd2 O-O 15. Nxe4 $16 b6 16. Nxf6+ gxf6 (16... Nxf6 17. Qxb6
$16) 17. Bh6 Rd8 18. Qc6 $1 (18. Rfd1 Bb7 19. Rd3 $16) 18... Rb8 19. Rfd1 Nf8 (
19... Bb7 20. Qd6 $18) 20. Rxd8 Qxd8 21. Rd1 Qe7 22. Rd6 $5 (22. Qd6 Qxd6 23.
Rxd6 Ne6 24. Bh5 $16) 22... Kf7 $8 (22... Be6 23. Bxf8 $18) (22... Ne6 23. Bg4
$18) 23. Bxf8 $2 (23. Bh5+ Ng6 $8 24. Rxf6+ $1 Qxf6 25. Qc7+ $18) 23... Kxf8
24. Rxf6+ Kg7 25. Rf3 e4 $1 $16 26. Re3 Bf5 27. f3 $6 (27. g4 $142 Bg6 28. h4
$16) 27... Rc8 $1 28. Qd5 (28. Qxb6 $2 Qg5 29. Kf2 Qh4+ 30. Kf1 Qf4 $10) 28...
Bg6 29. fxe4 Rd8 30. Qc6 Rd6 $1 31. Qc8 Re6 32. Bf3 Bxe4 33. Bxe4 Rxe4 34. Rg3+
Kh6 35. Rh3+ (35. Qh3+ $2 Rh4 36. Qxh4+ Qxh4 37. Rh3 Qxh3 $1 38. gxh3 Kh5 39.
Kg2 Kh4 $15) 35... Kg7 36. Rg3+ Kh6 37. h3 Re3 38. Qg4 Rxg3 39. Qxg3 Qe4 $1 40.
h4 $1 (40. Qd6+ Kg7 $10) 40... Qf5 $2 $138 (40... Qe7 $1 $14 {/\ Kh5}) 41. Qd6+
$1 Kg7 (41... Kh5 42. Qd5 $18) 42. Qxb6 $18 Qe5 43. Qb7+ Kg6 44. Qc6+ Kg7 45.
Qd7+ Kh8 46. Qc8+ Kg7 47. Qg4+ Kh8 48. Qf3 $1 Kg7 (48... Qe1+ 49. Qf1 Qe3+ 50.
Qf2 $18) 49. Kf2 a4 (49... a4 50. Qg3+ $18) 1-0